[Event "Manaus op 2nd"]
[Site "Manaus"]
[Date "2023.10.14"]
[Round "5"]
[White "Lisboa, Erico Fagundes Anic"]
[Black "Da Silva, Luciana Maria Rocha"]
[Result "1-0"]
[WhiteElo "1604"]
[BlackElo "1382"]
[PlyCount "43"]
[EventDate "2023.10.11"]
[EventType "swiss"]
[EventRounds "9"]
[EventCountry "BRA"]
[SourceTitle "Mega2024 Update 01"]
[Source "Chessbase"]
[SourceDate "2023.11.12"]
[SourceVersion "1"]
[SourceVersionDate "2023.11.12"]
[SourceQuality "1"]

1. d4 Nf6 2. c4 g6 3. Nc3 Bg7 4. e4 d6 5. Be2 0-0 6. Bg5 Nbd7 7. Qd2 a5 8. h4 Re8 9. h5 Nxh5 10. Bxh5 gxh5 11. Rxh5 Nf6 12. Rh4 e5 13. d5 c6 14. 0-0-0 cxd5 15. cxd5 Bd7 16. Nge2 Qb6 17. Ng3 Kf8 18. Bxf6 Bxf6 19. Rxh7 Qd8 20. Nh5 Bg5 21. Rh8+ Ke7 22. Qxg5+ 1-0

[Event "Joao Pessoa Fischer Memorial 11th"]
[Site "Joao Pessoa"]
[Date "2022.05.07"]
[Round "3"]
[White "Lisboa, Erico Fagundes Anic"]
[Black "Lima, Artur Tin Lun Dai"]
[Result "0-1"]
[WhiteElo "1520"]
[BlackElo "1835"]
[PlyCount "86"]
[EventDate "2022.05.06"]
[EventType "swiss"]
[EventRounds "6"]
[EventCountry "BRA"]
[SourceTitle "EXT 2023"]
[Source "ChessBase"]
[SourceDate "2022.10.05"]
[SourceVersion "1"]
[SourceVersionDate "2022.10.05"]
[SourceQuality "1"]

1. e4 c5 2. Nf3 Nc6 3. Bb5 d6 4. 0-0 Bd7 5. Re1 a6 6. Bf1 Bg4 7. c3 Nf6 8. d4 cxd4 9. cxd4 Bxf3 10. gxf3 g6 11. f4 Bg7 12. d5 Nb8 13. Nc3 Nfd7 14. e5 dxe5 15. d6 0-0 16. fxe5 exd6 17. exd6 Nf6 18. Re7 Nbd7 19. Bg2 Rb8 20. Be3 Re8 21. Ba7 Ra8 22. Rxe8+ Nxe8 23. Be3 Rb8 24. Ba7 Ra8 25. Bd4 Rb8 26. Bxg7 Kxg7 27. Qd4+ Ndf6 28. Re1 Qxd6 29. Qxd6 Nxd6 30. Re7 Re8 31. Rxe8 Nfxe8 32. a4 Kf6 33. b4 Ke5 34. Kf1 Nf6 35. Ke1 Kd4 36. Ne2+ Kc4 37. b5 axb5 38. axb5 Kxb5 39. Kd2 Kc4 40. Ng1 b5 41. Kc2 Ng4 42. Bf1+ Kb4 43. f3 Ne3+ 0-1

[Event "Joao Pessoa Fischer Memorial 11th"]
[Site "Joao Pessoa"]
[Date "2022.05.06"]
[Round "1"]
[White "Dantas, Francisco"]
[Black "Lisboa, Erico Fagundes Anic"]
[Result "1-0"]
[WhiteElo "1931"]
[BlackElo "1520"]
[PlyCount "65"]
[EventDate "2022.05.06"]
[EventType "swiss"]
[EventRounds "6"]
[EventCountry "BRA"]
[SourceTitle "EXT 2023"]
[Source "ChessBase"]
[SourceDate "2022.10.05"]
[SourceVersion "1"]
[SourceVersionDate "2022.10.05"]
[SourceQuality "1"]

1. d4 Nf6 2. c4 e6 3. Nf3 Bb4+ 4. Bd2 Bxd2+ 5. Qxd2 b6 6. Nc3 Bb7 7. e3 0-0 8. Bd3 d5 9. 0-0 Nbd7 10. cxd5 exd5 11. Rac1 Ne4 12. Qc2 Qe7 13. Rfd1 Rac8 14. Qe2 a5 15. Ba6 Bxa6 16. Qxa6 Ndf6 17. h3 g5 18. Ne5 h5 19. Qe2 Qe6 20. Nxe4 dxe4 21. Rc6 Qe7 22. Qc4 Kg7 23. Rc1 g4 24. Rxc7 Rxc7 25. Qxc7 Qb4 26. Qc3 Qd6 27. a3 gxh3 28. gxh3 Nh7 29. Qc6 Qe7 30. Qxe4 Ng5 31. Qf5 Kh6 32. Rc6+ Ne6 33. Nxf7+ 1-0